LEADER 01023nam a2200241 i 4500 001 000000083581 003 CaOOAMICUS 005 20090516000000.0 008 090516s1979 it u000 u ita u 013 $a55821 040 $aSeMil$bita 245 10$aInterpretazioni del Medioevo /$ca cura di Maria Assunta Del Torre. 260 $aBologna :$bIl Mulino,$c1979. 300 $a346 p. ;$c22 cm. 490 0 $aProblemi e prospettive. Serie di storia 500 $aContiene : Indicazioni bibliografiche per ulteriori approfondimenti. 650 4$aMedioevo - Storiografia.$0(OLS)http://semarc/subject/16162 700 1 $aDel Torre, Maria Assunta.$0(OLS)http://semarc/name/39262 830 0$aProblemi e prospettive. Serie di storia.$0(OLS)http://semarc/title/34129 850 $aSeMil 852 $aSeMil$W1$xVenegono$y1$m3B II 192$j48130$B48130$CSeMilBibl$Z2$F51180 $81 996 $6245$aInterpretazioni del Medioevo$9(OLS)http://semarc/title/130587 996 $6260$aBologna :$bIl Mulino$9(OLS)http://semarc/publisher/29842 LEADER 01925nam a2200313 i 4500 001 000000111411 003 CaOOAMICUS 005 20030121000000.0 008 030121s1998 ne u000 u eng u 013 $a84093 020 $a0-7923-5172-X 040 $aSeMil$bita 245 10$aExobiology :$bmatter, energy, and information in the origin and evolution of life in the universe : proceedings of the fifth Trieste Conference on Chemical evolution : an Abdus Salam memorial : Trieste, Italy, 22-26 september 1997 /$cedited by Julian Chela-Flores and François Raulin. 260 $aDordrecht ; Boston ; London :$bKluwer Academic Publishers,$ccopyr. 1998. 300 $aXXI, 386 p. :$b[1] c. di tav. :$bill. ;$c25 cm. 500 $aIn preliminari : Dedica autografa dell'Autore. - Fondo Card. C.M. Martini. 650 4$aVita - Origine - Atti di congressi.$0(OLS)http://semarc/subject/4591 650 4$aEvoluzione molecolare.$0(OLS)http://semarc/subject/19949 650 4$aExobiologia - Atti di congressi.$0(OLS)http://semarc/subject/19950 700 1 $aRaulin, François.$0(OLS)http://semarc/name/46703 700 1 $aChela-Flores, Julian.$0(OLS)http://semarc/name/46702 711 0 $aTrieste conference on «Chemical evolution» <5. ; 1997 ; Trieste>.$0(OLS)http://semarc/name/46701 850 $aSeMil 852 $aSeMil$W1$xVenegono$y1$m3X V 45$j67245$B67245$CSeMilBibl$Z2$F103892 $81 941 1 $a4 961 $aOmaggio: Martini Card. Carlo Maria 996 $6020$a0-7923-5172-X$9(OLS)http://semarc/number/93571 996 $6245$aExobiology :$bmatter, energy, and information in the origin and evolution of life in the universe : proceedings of the fifth Trieste Conference on Chemical evolution : an Abdus Salam memorial : Trieste, Italy, 22-26 september 1997$9(OLS)http://semarc/title/162160 996 $6260$aDordrecht ; Boston ; London :$bKluwer Academic Publishers$9(OLS)http://semarc/publisher/33990